Statistics for Слова грчког алфабета

Click here to take the quiz!

General Stats

  • This quiz has been taken 808 times
  • The average score is 14 of 24

Answer Stats

СловоНазив% Correct
Α αАлфа
100%
Β βБета
99%
Γ γГама
99%
Δ δДелта
99%
Ω ωОмега
75%
Π πПи
72%
Ε εЕпсилон
69%
Ζ ζЗета
68%
Φ φФи
64%
Μ μМи
63%
Λ λЛамбда
60%
Θ θТета
56%
Ρ ρРо
56%
Ν νНи
55%
Σ σ, ςСигма
48%
Η ηЕта
44%
Υ υИпсилон
44%
Ο οОмикрон
44%
Κ κКапа
40%
Τ τТау
40%
Ι ιЈота
39%
Ξ ξКси
38%
Ψ ψПси
36%
Χ χХи
34%

Score Distribution

Percentile by Number Answered

Percent of People with Each Score

Your Score History

You have not taken this quiz